| 000 | 00376cam a2200145ua 4500 | ||
|---|---|---|---|
| 041 |
_aeng _h |
||
| 082 |
_a828.09 _bHUD/SH |
||
| 100 | _aHudson, A K . | ||
| 245 |
_aShakespeare and the class room / _cA K Hudson. _hTextual Documents |
||
| 260 |
_aLondon : _bHeinemann Educational Books Ltd. , _c1960. |
||
| 300 | _a116 ; . | ||
| 504 | _a | ||
| 942 | _cBK | ||
| 999 |
_c5333 _d5333 |
||